00607 2200229 4500001002100000005001500021035002000036007000300056008004100059020001800100082001100118084001700129100001800146245005200164250002000216260004000236300003600276600002300312990001400335990001400349990001400363INLIS00000000001046420250916025418 a0010-0925000062ta250916 g 0 ind  a9786026587541 a352.14 a352.14 FIR a0 aFirman Sujadi1 aAdministrasi Dan Keuangan Desa /cFirman Sujadi aCetakan Oktober aJakarta :bBee Media Pustaka,c2018 a126 hlm :bilus ;c17,6 x 25 cm 4aAdministrasi Lokal a025.00050 a025.00049 a025.00048